Guess Which Country by Average Height Above Sea Level - Statistics

General Stats
  • This quiz has been taken 9 times
  • The average score is 6 of 10
Answer Stats
Hint Answer % Correct
Number 1 Bhutan
100%
Number 10 China
100%
Number 2 Nepal
100%
Number 3 Tajikistan
63%
Number 8 Afghanistan
50%
Number 7 Andorra
50%
Number 9 Chile
50%
Number 4 Kyrgyzstan
50%
Number 6 Lesotho
25%
Number 5 Antarctica
0%
No matching quizzes found
Score Distribution
Percent of People with Each Score
Percentile by Number Answered
Your Score History
You have not taken this quiz